Intellectual property laws of East Asia / (Record no. 11475)
[ view plain ]
| 000 -LEADER | |
|---|---|
| fixed length control field | 00747nam a22002537i 4500 |
| 003 - CONTROL NUMBER IDENTIFIER | |
| control field | URS |
| 005 - DATE AND TIME OF LATEST TRANSACTION | |
| control field | 20220117094614.0 |
| 008 - FIXED-LENGTH DATA ELEMENTS--GENERAL INFORMATION | |
| fixed length control field | 170808b xxu||||| |||| 00| 0 eng d |
| 020 ## - INTERNATIONAL STANDARD BOOK NUMBER | |
| International Standard Book Number | 0421550503 |
| 040 ## - CATALOGING SOURCE | |
| Original cataloging agency | DLAW |
| Description conventions | rda |
| Transcribing agency | URSR |
| Language of cataloging | eng |
| 041 ## - LANGUAGE CODE | |
| Language code of text/sound track or separate title | Eng |
| 050 00 - LIBRARY OF CONGRESS CALL NUMBER | |
| Classification number | KF 39 |
| Item number | G987 |
| 100 1# - MAIN ENTRY--PERSONAL NAME | |
| Personal name | Gutterman, |
| Relator term | author |
| 245 10 - TITLE STATEMENT | |
| Title | Intellectual property laws of East Asia / |
| Statement of responsibility, etc. | edited by Alan S. Gutterman, and Robert Brown |
| 264 #1 - PRODUCTION, PUBLICATION, DISTRIBUTION, MANUFACTURE, AND COPYRIGHT NOTICE | |
| Place of production, publication, distribution, manufacture | Hong Kong : |
| Name of producer, publisher, distributor, manufacturer | Sweet and Maxwell Asia, |
| Date of production, publication, distribution, manufacture, or copyright notice | 1997. |
| 300 ## - PHYSICAL DESCRIPTION | |
| Extent | v, 564 pages: |
| Dimensions | 23.3cm |
| 336 ## - CONTENT TYPE | |
| Source | rdacontent |
| 338 ## - CARRIER TYPE | |
| Source | rdacarrier |
| 504 ## - BIBLIOGRAPHY, ETC. NOTE | |
| Bibliography, etc. note | includes, index |
| 650 ## - SUBJECT ADDED ENTRY--TOPICAL TERM | |
| Topical term or geographic name entry element | Intellectual property - Asia, Southeastern. |
| 650 ## - SUBJECT ADDED ENTRY--TOPICAL TERM | |
| Topical term or geographic name entry element | Intellectual property - East Asia. |
| 942 ## - ADDED ENTRY ELEMENTS (KOHA) | |
| Source of classification or shelving scheme | Library of Congress Classification |
| Koha item type | Foreign Books |
| Withdrawn status | Source of classification or shelving scheme | Damaged status | Not for loan | Home library | Current library | Shelving location | Date acquired | Total Checkouts | Full call number | Barcode | Date last seen | Price effective from | Koha item type |
|---|---|---|---|---|---|---|---|---|---|---|---|---|---|
| Library of Congress Classification | Rodriguez College Library | Rodriguez College Library | Reference | 08/08/2017 | KF 39 G9871997 | URSROD-2294 | 08/08/2017 | 08/08/2017 | Foreign Books |